00753pam a2200229 a 4500001000800000005001700008008004100025020002000066020002400086040001800110082001800128100003300146245008200179260003400261300001800295500005200313650001300365650002900378650002600407650002400433856006600457336954320240206010305.0871229r19881987nyua b 000 0 eng  a0416016510 (hb) a0415900026 (pbk.) : aDLCcDLCdDLC00a306219bGAY.1 aSpivak, Gayatri Chakravorty.10aIn other worlds :bessays in cultural politics /cGayatri Chakravorty Spivak. aNew York :bRoutledge,c1988. axix, 309 p. : aOriginally published: New York : Methuen, 1987. 0aCulture. 0aFeminism and literature. 0aWomen and literature. 0aFeminist criticism.42uhttp://www.loc.gov/catdir/enhancements/fy0702/87037676-d.html